Word Ladder: Wild Wild West Quiz Stats

 Plays Quiz Updated Apr 23, 2012

Support Sporcle.
Go Orange.
Score 0/50 Timer 04:00
1 Play Today
Hint 4-Letter Word % Correct
Get ready to travelPACK
91.7%
Agreement in Warsaw, e.g.PACT
89%
This, rather ____ thatTHAN
88.8%
Desert featureSAND
88.3%
☛ Uttered ☚☛ SAID ☚
86.3%
Of sound mindSANE
86.2%
Circus or camp shelterTENT
85.1%
Japanese wineSAKE
85%
☛ Pulled the trigger ☚☛ SHOT ☚
84.8%
Moved on a slick surfaceSLID
83.9%
☛ Seize ☚☛ TAKE ☚
83.9%
☛ At that time ☚☛ THEN ☚
83.6%
Pork or karate ____CHOP
82.7%
BoutiqueSHOP
82.6%
☛ Untamed ☚☛ WILD ☚
81.7%
Not too spicyMILD
81.6%
Nashville state (abbr.)TENN
81.3%
Narrow cutSLIT
81%
Last wishes documentWILL
80.8%
FrigidCOLD
80.1%
Piggy bank entranceSLOT
78.9%
Jell-O or plaster formMOLD
77.7%
Hand out cardsDEAL
77.6%
☛ Invoice ☚☛ BILL ☚
77.4%
American computer makerDELL
77.3%
Hint 4-Letter Word % Correct
☛ Lifeless ☚☛ DEAD ☚
76.7%
☛ Car lifter ☚☛ JACK ☚
76.5%
School or church sounderBELL
76.3%
Udder partTEAT
75.9%
High schoolerTEEN
75.8%
☛ Indicative pronoun ☚☛ THAT ☚
75.6%
DefrostTHAW
74.5%
Breathe heavilyPANT
73.9%
Pygmalion's authorSHAW
73%
American pistol makerCOLT
70.6%
Poultry penCOOP
69.3%
Dart from flower to flowerFLIT
69.2%
Like a pancakeFLAT
68.9%
Bed frame boardSLAT
64.9%
Muscular strengthTHEW
63.9%
Gardening mossPEAT
62.5%
Act of daringFEAT
62.1%
GeezerCOOT
60.5%
Bottled up, restrainedPENT
60.3%
Jazz singing styleSCAT
58.8%
FarceSHAM
58.5%
Con man's schemeSCAM
57.2%
SeabirdTERN
56.7%
Shipping weightTARE
52.2%
Highland lakeTARN
47.1%

Today's Daily Dose

You're not logged in!

Compare scores with friends on all Sporcle quizzes.
OR
Log In

From the Vault

Complete the Beatles Song... With a Picture

by Noldeh

Some pictures are worth a thousand words, these are only worth one.
Remove Ads.
Support Sporcle.
Get the best of Sporcle when you Go Orange. This ad-free experience offers more features, more stats, and more fun while also helping to support Sporcle. Thank you for becoming a member.

Show Comments

Extras

Top Quizzes Today


Score Distribution

Your Account Isn't Verified!

In order to create a playlist on Sporcle, you need to verify the email address you used during registration. Go to your Sporcle Settings to finish the process.

Report this User

Report this user for behavior that violates our Community Guidelines.

Details: